000 00330nam a22001337a 4500
020 _a09788184655995
082 _a297.08 MUL
100 _aMultani, Syed Waheedullah Hussaini Al-Qadri
245 _aAnwar-e- Islam
260 _aHyderabad
_bHenry Martyn Institute
_c2016
300 _a282
650 _aIslam _ essays
942 _cBK
999 _c20372
_d20372